Microware cook book

Bibliographic Details
Format: Book
Published: California : Lana Publishing , 1990
Subjects:

MARC

LEADER 00000cam a2200000 7i4500
001 0000005334
002 000005763
005 20000330.0
020 |a 0376025050 
090 0 0 |a 641.5882   |b MIC 
245 0 0 |a Microware cook book   |c editors of sunset books andsunset magazine 
260 |a California :   |b Lana Publishing ,   |c 1990 
300 |a 96p. ;   |c 27cm. 
650 0 0 |a Microwave cookery 
999 |a 032875   |b BUKU   |c PINJAMAN   |e PERPUSTAKAAN KOMUNITI PETALING JAYA 
999 |a 032876   |b BUKU   |c PINJAMAN   |e PERPUSTAKAAN KOMUNITI PETALING JAYA